AN EVALUATION OF EFFECTIVENNESS OF MANAGEMENT PRACTICES ON THE CONSTITUENCY DEVELOPMENT FUND PROJECTS; A CASE STUDY OF WEST MUGIRANGO CONSTITUENCY, NYAMIRA COUNTY (Record no. 216076)

MARC details
000 -LEADER
fixed length control field 00512nam a22001457a 4500
008 - FIXED-LENGTH DATA ELEMENTS--GENERAL INFORMATION
fixed length control field 250908b |||||||| |||| 00| 0 eng d
100 ## - MAIN ENTRY--PERSONAL NAME
Personal name NYANUMBA PAUL ONGWAE
245 ## - TITLE STATEMENT
Title AN EVALUATION OF EFFECTIVENNESS OF MANAGEMENT PRACTICES ON THE CONSTITUENCY DEVELOPMENT FUND PROJECTS; A CASE STUDY OF WEST MUGIRANGO CONSTITUENCY, NYAMIRA COUNTY
260 ## - PUBLICATION, DISTRIBUTION, ETC.
Place of publication, distribution, etc. KISII
Name of publisher, distributor, etc. KISII UNIVERSITY
Date of publication, distribution, etc. 2012
300 ## - PHYSICAL DESCRIPTION
Extent XII,41P.
500 ## - GENERAL NOTE
General note INCLUDES AN INDEX
650 ## - SUBJECT ADDED ENTRY
Topical term or geographic name entry element MANAGEMENT
942 ## - ADDED ENTRY ELEMENTS (KOHA)
Source of classification or shelving scheme Library of Congress Classification
Koha item type Reference
Holdings
Withdrawn status Lost status Source of classification or shelving scheme Damaged status Not for loan Collection Home library Current library Shelving location Date acquired Inventory number Total checkouts Full call number Barcode Date last seen Copy number Price effective from Koha item type
    Library of Congress Classification     Business & Economics Kisii University Library Kisii University Library On Display 09/08/2025 109437   THE HC 865 .O54 2012 000000021054 09/08/2025 C.1 09/08/2025 Reference